Welcome to CU Library Online Public Access Catalogue (OPAC)

dictioary of international trade and finance terms (Record no. 2616)

MARC details
000 -LEADER
fixed length control field 00398nam a22001457a 4500
005 - DATE AND TIME OF LATEST TRANSACTION
control field 20250117115334.0
008 - FIXED-LENGTH DATA ELEMENTS--GENERAL INFORMATION
fixed length control field 250117b |||||||| |||| 00| 0 eng d
020 ## - INTERNATIONAL STANDARD BOOK NUMBER
International Standard Book Number 0852975767
050 ## - LIBRARY OF CONGRESS CALL NUMBER
Classification number REF 3753 HAM
Item number 1
100 ## - MAIN ENTRY--PERSONAL NAME
Personal name Clark,O.E.John ed
245 ## - TITLE STATEMENT
Title dictioary of international trade and finance terms
260 ## - PUBLICATION, DISTRIBUTION, ETC.
Place of publication, distribution, etc. Canterbury
Name of publisher, distributor, etc. Financial world pub.
Date of publication, distribution, etc. 2001
300 ## - PHYSICAL DESCRIPTION
Extent 266p
942 ## - ADDED ENTRY ELEMENTS (KOHA)
Source of classification or shelving scheme Library of Congress Classification
Koha item type Books
Suppress in OPAC No
999 ## -
-- 2616
-- 2616
Holdings
Withdrawn status Lost status Source of classification or shelving scheme Damaged status Not for loan Collection Home library Current library Shelving location Date acquired Total checkouts Full call number Barcode Date last seen Copy number Price effective from Koha item type
    Library of Congress Classification     Non-fiction Graduate Library (Christ Temple) Graduate Library (Christ Temple) Reference 01/17/2025   REF 3753 HAM GSCT00000278 01/17/2025 1 01/17/2025 Books
© 2023-2024 Copyright: Central University Libraries. All Rights Reserved | Created by: Mahone Tech Office